Η κοινωνία των Χώρκατων : η πολιτισμική και η πολιτική υπανάπτυξη των Ελληνοκύπριων στις απαρχές του 21ου αιώνα
Saved in:
| Main Author: | |
|---|---|
| Format: | Book |
| Language: | Greek |
| Published: |
Αθήνα :
Παπαζήσης,
2012.
|
| Series: | Διεθνής και ευρωπαϊκή πολιτική
|
| Subjects: | |
| Tags: |
Add Tag
No Tags, Be the first to tag this record!
|
MARC
| LEADER | 00000nam a2200000 a 4500 | ||
|---|---|---|---|
| 001 | 1/126489 | ||
| 008 | 230502s2012####gr | ||| |||| ||gre|| | ||
| 020 | |a 9789600226836 | ||
| 040 | |a GR-MyUa |b gre |c GR-MyUa |e AACR2 | ||
| 041 | 0 | |a gre | |
| 082 | 7 | |a 306.095693 |2 (23) | |
| 100 | 1 | |a Μαυράτσας, Καίσαρ Β. | |
| 245 | 1 | 2 | |a Η κοινωνία των Χώρκατων : |b η πολιτισμική και η πολιτική υπανάπτυξη των Ελληνοκύπριων στις απαρχές του 21ου αιώνα / |c Καίσαρ Β. Μαυράτσας. |
| 260 | |a Αθήνα : |b Παπαζήσης, |c 2012. | ||
| 300 | |a 127 σ. ; |c 21 εκ. | ||
| 490 | 1 | |a (Διεθνής και ευρωπαϊκή πολιτική / Παπαζήσης) | |
| 504 | |a Βιβλιογραφία : σ. [125]-127. | ||
| 650 | 0 | |a Popular culture |z Cyprus. | |
| 650 | 0 | |a National characteristics, Cypriote. | |
| 651 | 0 | |a Cyprus |x Civilization. | |
| 651 | 0 | |a Cyprus |x Social life and customs. | |
| 830 | 0 | |a Διεθνής και ευρωπαϊκή πολιτική | |
| 852 | |a INST |b RHODES |e 20230502 |h 306.095693 ΜΑΥ |p 005400043515 |q 005400043515 |t BK |y 0 | ||
| 970 | |z 02-05-2023 | ||